[Event "MNT-chT"]
[Site "Herceg Novi"]
[Date "2024.04.30"]
[Round "5.13"]
[White "Celik, Hasan Huseyin"]
[Black "Potpara, Nikola"]
[Result "1/2-1/2"]
[WhiteElo "2417"]
[BlackElo "2349"]
[PlyCount "73"]
[EventDate "2024.04.27"]
[EventType "team-tourn"]
[EventRounds "9"]
[EventCountry "MNE"]
[SourceTitle "CB19_2024"]
[SourceDate "2024.05.08"]
[SourceVersion "1"]
[SourceVersionDate "2024.05.08"]
[SourceQuality "1"]
[WhiteTeam "Mladost"]
[BlackTeam "Rudar"]
[WhiteTeamCountry "MNE"]
[BlackTeamCountry "MNE"]

1. e4 e5 2. Nf3 Nc6 3. Bb5 a6 4. Ba4 Nf6 5. 0-0 Be7 6. Re1 b5 7. Bb3 d6 8. a4 Bd7 9. d3 0-0 10. h3 h6 11. Bd2 Re8 12. Nc3 Na5 13. Ba2 b4 14. Ne2 Rb8 15. Ng3 c5 16. Nh4 Bf8 17. Nhf5 Be6 18. Bxe6 Rxe6 19. b3 Nc6 20. f4 Kh7 21. Rf1 g6 22. Ne3 exf4 23. Rxf4 Bg7 24. Rc1 Ne5 25. Qe2 d5 26. Rcf1 Rb7 27. Bc1 Rd7 28. Qf2 d4 29. Nef5 gxf5 30. Nxf5 Ng6 31. Rf3 Ng8 32. g4 Ne5 33. Rg3 Rg6 34. Bf4 Bh8 35. Kh2 Ne7 36. Rfg1 f6 37. Nxh6 1/2-1/2

[Event "Ayvalik Lemon"]
[Site "Ayvalik"]
[Date "2023.09.07"]
[Round "5"]
[White "Celik, Hasan Huseyin"]
[Black "Akbas, Umut Ata"]
[Result "1-0"]
[WhiteElo "2412"]
[BlackElo "2443"]
[PlyCount "99"]
[EventDate "2023.09.04"]
[EventType "schev"]
[EventRounds "9"]
[EventCountry "TUR"]
[SourceTitle "EXT 2024"]
[Source "ChessBase"]
[SourceDate "2023.10.10"]
[SourceVersion "1"]
[SourceVersionDate "2023.10.10"]
[SourceQuality "1"]
[WhiteTeam "Team C"]
[BlackTeam "Team A"]
[WhiteTeamCountry "TUR"]
[BlackTeamCountry "TUR"]

1. c4 e6 2. Nc3 d5 3. d4 Bb4 4. Nf3 Nf6 5. Bg5 h6 6. Bxf6 Qxf6 7. e3 0-0 8. Rc1 dxc4 9. Bxc4 c5 10. 0-0 cxd4 11. Nxd4 a6 12. a3 Ba5 13. Qh5 Bb6 14. Rfd1 Rd8 15. Ne4 Qe7 16. Nf3 Bd7 17. Ne5 Be8 18. Ng4 Qf8 19. Nef6+ gxf6 20. Nxf6+ Kh8 21. Rxd8 Bxd8 22. Nxe8 Nc6 23. Bd3 Qxe8 24. Qxh6+ Kg8 25. Bh7+ Kh8 26. Rc4 Ne5 27. Be4+ Kg8 28. Qh7+ Kf8 29. Qh8+ Ke7 30. Qxe5 Qb5 31. Qc3 Ba5 32. b4 Bb6 33. g3 Rd8 34. Kg2 Rd7 35. Bf3 Qf5 36. Rf4 Qd3 37. Qf6+ Kd6 38. a4 Qc2 39. Re4 Qxa4 40. Qe5+ Ke7 41. Qg5+ Ke8 42. Rf4 Kf8 43. Rh4 Qa1 44. Rc4 Ke8 45. Qg8+ Ke7 46. Bh5 f5 47. Qe8+ Kd6 48. Qf8+ Re7 49. Qb8+ Rc7 50. Qd8+ 1-0

[Event "Ayvalik Menekse"]
[Site "Ayvalik"]
[Date "2023.06.08"]
[Round "1.5"]
[White "Celik, Hasan Huseyin"]
[Black "Tilicheev, Viacheslav"]
[Result "1/2-1/2"]
[WhiteElo "2405"]
[BlackElo "2504"]
[PlyCount "60"]
[EventDate "2023.06.08"]
[EventType "schev"]
[EventRounds "10"]
[EventCountry "TUR"]
[SourceTitle "CBM 214 Extra"]
[Source "ChessBase"]
[SourceDate "2023.07.31"]
[SourceVersion "1"]
[SourceVersionDate "2023.07.31"]
[SourceQuality "1"]
[WhiteTeam "Master"]
[BlackTeam "Grandmaster"]
[WhiteTeamCountry "TUR"]
[BlackTeamCountry "TUR"]

1. c4 Nf6 2. Nf3 g6 3. Nc3 Bg7 4. e4 d6 5. d4 0-0 6. Be2 h6 7. 0-0 e5 8. d5 Nbd7 9. Ne1 Nc5 10. Qc2 a5 11. Be3 h5 12. f3 h4 13. Nd3 Nxd3 14. Bxd3 Nh5 15. Ne2 b6 16. Qd2 f5 17. f4 g5 18. fxe5 f4 19. e6 fxe3 20. Qxe3 Nf4 21. Nxf4 gxf4 22. Rxf4 Rxf4 23. Qxf4 Qf6 24. Rf1 Qd4+ 25. Kh1 Qxd3 26. Qf7+ Kh8 27. Qh5+ Kg8 28. Qf7+ Kh8 29. Qh5+ Kg8 30. Qf7+ Kh8 1/2-1/2

[Event "World School-ch U15"]
[Site "Rhodes"]
[Date "2023.04.22"]
[Round "9"]
[White "Bolat, Inayat"]
[Black "Celik, Hasan Huseyin"]
[Result "0-1"]
[WhiteElo "1975"]
[BlackElo "2416"]
[PlyCount "117"]
[EventDate "2023.04.14"]
[EventType "swiss"]
[EventRounds "9"]
[EventCountry "GRE"]
[SourceTitle "EXT 2024"]
[Source "ChessBase"]
[SourceDate "2023.10.10"]
[SourceVersion "1"]
[SourceVersionDate "2023.10.10"]
[SourceQuality "1"]

1. e4 e6 2. d4 d5 3. Nc3 Bb4 4. e5 c5 5. a3 Bxc3+ 6. bxc3 Qa5 7. Bd2 Qa4 8. Qg4 Kf8 9. h4 Nc6 10. Nf3 Nge7 11. h5 h6 12. Ra2 b6 13. Qf4 cxd4 14. cxd4 Ba6 15. Bxa6 Qxa6 16. Rh3 Qb5 17. Ra1 Qb2 18. Rc1 Rc8 19. Kf1 Nf5 20. c3 Na5 21. g4 Ne7 22. Nh4 Nb3 23. Rd1 Qc2 24. Ke1 Ke8 25. Rf3 Rf8 26. g5 hxg5 27. Qxg5 Kd7 28. Ng2 Qe4+ 29. Re3 Qf5 30. Qxf5 Nxf5 31. Rh3 Rh8 32. Ne3 Nxe3 33. fxe3 Rh7 34. Ke2 Rch8 35. Rdh1 Rh6 36. Be1 Ke8 37. Bf2 Kf8 38. e4 g6 39. exd5 exd5 40. Kd3 Na5 41. Be3 Rxh5 42. Rxh5 Rxh5 43. Rxh5 gxh5 44. Bg5 Ke8 45. a4 Kd7 46. Ke3 Nc4+ 47. Kf4 Ke6 48. Bd8 Nb2 49. Ke3 Nxa4 50. Kd3 Nb2+ 51. Kc2 Nc4 52. Kb3 a6 53. Kb4 Kd7 54. Bf6 Kc6 55. Be7 a5+ 56. Ka4 b5+ 57. Kb3 Kd7 58. Bf6 Ke6 59. Bd8 0-1

[Event "World School-ch U15"]
[Site "Rhodes"]
[Date "2023.04.21"]
[Round "8"]
[White "Celik, Hasan Huseyin"]
[Black "Rustamov, Rustam"]
[Result "1-0"]
[WhiteElo "2416"]
[BlackElo "1969"]
[PlyCount "79"]
[EventDate "2023.04.14"]
[EventType "swiss"]
[EventRounds "9"]
[EventCountry "GRE"]
[SourceTitle "EXT 2024"]
[Source "ChessBase"]
[SourceDate "2023.10.10"]
[SourceVersion "1"]
[SourceVersionDate "2023.10.10"]
[SourceQuality "1"]

1. e4 c5 2. Nf3 d6 3. d4 cxd4 4. Nxd4 Nf6 5. Nc3 a6 6. Bg5 Nbd7 7. Qe2 h6 8. Bh4 g6 9. 0-0-0 e5 10. Nb3 Be7 11. Qd2 Qc7 12. Kb1 b5 13. a3 Bb7 14. Bd3 0-0-0 15. f4 Nc5 16. fxe5 dxe5 17. Nxc5 Qxc5 18. Rhf1 g5 19. Bg3 Nxe4 20. Nxe4 Bxe4 21. Qa5 Bxd3 22. Qxa6+ Kb8 23. cxd3 Rd6 24. Qa5 f6 25. Bf2 Qc7 26. Qxb5+ Ka8 27. Rc1 Qb7 28. Qxb7+ Kxb7 29. Bc5 Rd7 30. Bxe7 Rxe7 31. Rxf6 Rd8 32. Rc3 e4 33. dxe4 Rxe4 34. Rxh6 Rd2 35. g3 Ree2 36. Rb3+ Ka7 37. Rb4 Rd1+ 38. Ka2 Ree1 39. Rc6 Ra1+ 40. Kb3 1-0

[Event "EU-ch 23rd"]
[Site "Vrnjacka Banja"]
[Date "2023.03.10"]
[Round "8"]
[White "Celik, Hasan Huseyin"]
[Black "Ter Sahakyan, Samvel"]
[Result "0-1"]
[WhiteElo "2420"]
[BlackElo "2616"]
[PlyCount "118"]
[EventDate "2023.03.03"]
[EventType "swiss"]
[EventRounds "11"]
[EventCountry "SRB"]
[SourceTitle "CBM 213"]
[Source "ChessBase"]
[SourceDate "2023.04.30"]
[SourceVersion "1"]
[SourceVersionDate "2023.04.30"]
[SourceQuality "1"]

1. e4 c5 2. Nc3 e6 3. Nge2 Nc6 4. d4 cxd4 5. Nxd4 Nf6 6. Ndb5 d6 7. Bf4 e5 8. Bg5 a6 9. Na3 b5 10. Nd5 Be7 11. Bxf6 Bxf6 12. c3 Rb8 13. Nc2 Bg5 14. a4 bxa4 15. Ncb4 Nxb4 16. cxb4 0-0 17. Rxa4 a5 18. b5 Bd7 19. Nc3 d5 20. Nxd5 Bxb5 21. Bxb5 Rxb5 22. 0-0 Rxb2 23. Qa1 Rb5 24. Qxe5 Kh8 25. Qc3 Qc8 26. Rfa1 Qb7 27. g3 Bd8 28. Qa3 Kg8 29. Qd6 h6 30. h4 Rb2 31. Qe5 Rc2 32. Qd4 Re8 33. R4a3 Re6 34. Qd3 Rc8 35. Rb3 Qa6 36. Qxa6 Rxa6 37. Ra4 Kf8 38. Rb7 Ke8 39. Kg2 Raa8 40. Rb2 Rab8 41. Rba2 Rc5 42. g4 Kd7 43. h5 Kc6 44. R4a3 Rb1 45. Kf3 Kb7 46. Ke3 Ka6 47. Kd4 Rc6 48. f3 Rcc1 49. Ke5 Rc6 50. Kd4 Rb8 51. Ke5 Rb5 52. Kd4 Bh4 53. Ra4 Be1 54. Re2 Rb1 55. Rea2 Rb3 56. Re2 Kb5 57. Ra1 f6 58. Nc7+ Rxc7 59. Rexe1 Rd7# 0-1

[Event "EU-ch 23rd"]
[Site "Vrnjacka Banja"]
[Date "2023.03.07"]
[Round "5"]
[White "Toktomushev, Teimur"]
[Black "Celik, Hasan Huseyin"]
[Result "0-1"]
[WhiteElo "2255"]
[BlackElo "2420"]
[PlyCount "120"]
[EventDate "2023.03.03"]
[EventType "swiss"]
[EventRounds "11"]
[EventCountry "SRB"]
[SourceTitle "CBM 213"]
[Source "ChessBase"]
[SourceDate "2023.04.30"]
[SourceVersion "1"]
[SourceVersionDate "2023.04.30"]
[SourceQuality "1"]

1. d4 d6 2. e4 g6 3. c4 Bg7 4. Nc3 Nc6 5. Be3 e5 6. Nge2 exd4 7. Nxd4 Nge7 8. Qd2 0-0 9. 0-0-0 f5 10. Nxc6 Nxc6 11. c5 Be6 12. cxd6 cxd6 13. Qxd6 Qf6 14. Bb5 Rfd8 15. Qf4 Bxa2 16. Qg5 Bb3 17. Qxf6 Bxf6 18. Rxd8+ Rxd8 19. Bxc6 bxc6 20. exf5 gxf5 21. Re1 a5 22. Bf4 a4 23. Be5 Be7 24. Re3 Bb4 25. Bf6 Rd7 26. Rg3+ Kf8 27. Bg5 Kf7 28. Bh6 Kf6 29. Bg5+ Ke6 30. Kb1 c5 31. Re3+ Kf7 32. Rf3 Kg6 33. Bf4 c4 34. Rg3+ Kf7 35. Rh3 Kf6 36. Rh6+ Kg7 37. Rh3 Be7 38. Be5+ Kg6 39. Rg3+ Kf7 40. Rh3 Rd2 41. Rf3 a3 42. bxa3 Bxa3 43. Bf4 Rb2+ 44. Ka1 Rc2 45. Nb5 Bc5 46. Be3 Bxe3 47. fxe3 Rxg2 48. Nd6+ Kg6 49. Nxf5 Ra2+ 50. Kb1 c3 51. Nd4 c2+ 52. Nxc2 Rxc2 53. Rg3+ Kf6 54. e4 Ba4 55. e5+ Kxe5 56. Rg5+ Kf6 57. Rg4 Bd7 58. Rf4+ Kg5 59. Rf7 Rc7 60. h4+ Kg6 0-1

[Event "Bassano del Grappa Vergani Cup"]
[Site "Bassano del Grappa"]
[Date "2023.02.02"]
[Round "3"]
[White "Celik, Hasan Huseyin"]
[Black "Tarhan, Adar"]
[Result "1/2-1/2"]
[WhiteElo "2433"]
[BlackElo "2296"]
[PlyCount "74"]
[EventDate "2023.02.01"]
[EventType "swiss"]
[EventRounds "9"]
[EventCountry "ITA"]
[SourceTitle "CBM 212 Extra"]
[Source "ChessBase"]
[SourceDate "2023.03.31"]
[SourceVersion "1"]
[SourceVersionDate "2023.03.31"]
[SourceQuality "1"]

1. e4 e5 2. Nf3 Nc6 3. Bb5 Nf6 4. 0-0 Nxe4 5. d4 Nd6 6. Bxc6 dxc6 7. dxe5 Nf5 8. Qxd8+ Kxd8 9. h3 Be6 10. g4 Ne7 11. Ng5 Bd5 12. Nc3 Ke8 13. Nxd5 cxd5 14. e6 fxe6 15. Re1 Ng6 16. Nxe6 Kd7 17. Nxf8+ Rhxf8 18. Rd1 Kc6 19. Be3 Rf3 20. Kg2 Nh4+ 21. Kh2 h5 22. Rd3 hxg4 23. hxg4 Rh8 24. Rad1 Nf5+ 25. Kg2 Nxe3+ 26. Kxf3 Nxd1 27. Rxd1 Kd6 28. Re1 c5 29. Kg3 g5 30. f4 gxf4+ 31. Kxf4 Rh2 32. Kg3 Rh7 33. g5 d4 34. Kg4 Rh2 35. Kf3 Rh3+ 36. Kf4 Rh2 37. Kg3 Rh5 1/2-1/2

[Event "Vandoeuvre op 19th"]
[Site "Vandoeuvre"]
[Date "2022.12.20"]
[Round "6"]
[White "Maurizzi, Marc Andria"]
[Black "Celik, Hasan Huseyin"]
[Result "1/2-1/2"]
[WhiteElo "2526"]
[BlackElo "2367"]
[PlyCount "69"]
[EventDate "2022.12.18"]
[EventType "swiss"]
[EventRounds "9"]
[EventCountry "FRA"]
[SourceTitle "CBM 211 Extra"]
[Source "ChessBase"]
[SourceDate "2023.01.31"]
[SourceVersion "1"]
[SourceVersionDate "2023.01.31"]
[SourceQuality "1"]

1. d4 Nf6 2. c4 c6 3. Nc3 d5 4. cxd5 cxd5 5. Bf4 Nc6 6. e3 Bf5 7. Nf3 e6 8. Be2 Bd6 9. Ne5 Bxe5 10. Bxe5 Nxe5 11. dxe5 Nd7 12. Qd4 a6 13. 0-0 Qb6 14. Qxb6 Nxb6 15. f4 h5 16. Rac1 Ke7 17. Rfd1 Rac8 18. Rd4 a5 19. Bb5 f6 20. exf6+ gxf6 21. Rcd1 Rc5 22. a4 Rhc8 23. Re1 Bg6 24. Re2 f5 25. Kf2 Be8 26. Bxe8 Kxe8 27. Nb5 Ke7 28. b4 axb4 29. Rxb4 Rc4 30. Rxc4 Nxc4 31. Re1 Rg8 32. Re2 Rc8 33. Re1 Rg8 34. Re2 Rc8 35. Re1 1/2-1/2

[Event "Elllobregat op 3rd"]
[Site "Sant Boi de Llobregat"]
[Date "2022.12.06"]
[Round "7"]
[White "Kaidanov, Gregory S"]
[Black "Celik, Hasan Huseyin"]
[Result "1-0"]
[WhiteElo "2549"]
[BlackElo "2367"]
[PlyCount "97"]
[EventDate "2022.11.30"]
[EventType "swiss"]
[EventRounds "9"]
[EventCountry "ESP"]
[SourceTitle "CBM 211 Extra"]
[Source "ChessBase"]
[SourceDate "2023.01.31"]
[SourceVersion "1"]
[SourceVersionDate "2023.01.31"]
[SourceQuality "1"]

1. Nf3 c5 2. e4 e6 3. d4 cxd4 4. Nxd4 a6 5. c4 Nf6 6. Nc3 Qc7 7. a3 b6 8. Bd3 Bb7 9. 0-0 d6 10. f4 Be7 11. Qe2 0-0 12. Kh1 Nbd7 13. Bd2 Rfe8 14. Rae1 Rad8 15. b4 Bf8 16. Nf3 g6 17. Qf2 Bg7 18. Qh4 Nf8 19. e5 dxe5 20. Nxe5 Rxd3 21. Nxd3 Rd8 22. Qh3 Qxc4 23. Ne5 Qb3 24. Qe3 h5 25. Ne4 Qd5 26. Nxf6+ Bxf6 27. Nf3 h4 28. h3 Qf5 29. Ne5 Nh7 30. Bc3 Qc2 31. Rf2 Qb3 32. Bd4 Qxe3 33. Bxe3 b5 34. Rd2 Bd5 35. Rc1 Be7 36. Nc6 Re8 37. Nxe7+ Rxe7 38. Bf2 Rd7 39. Bxh4 Kg7 40. Rc8 Nf6 41. Bxf6+ Kxf6 42. Kg1 Kf5 43. Rd4 Ra7 44. Rc5 Kf6 45. g4 Ke7 46. Kf2 Kd6 47. Kg3 f5 48. Rd3 Rf7 49. Rc8 1-0

[Event "Elllobregat op 3rd"]
[Site "Sant Boi de Llobregat"]
[Date "2022.12.02"]
[Round "3"]
[White "Celik, Hasan Huseyin"]
[Black "Dragnev, Valentin"]
[Result "1/2-1/2"]
[WhiteElo "2367"]
[BlackElo "2556"]
[PlyCount "64"]
[EventDate "2022.11.30"]
[EventType "swiss"]
[EventRounds "9"]
[EventCountry "ESP"]
[SourceTitle "CBM 211 Extra"]
[Source "ChessBase"]
[SourceDate "2023.01.31"]
[SourceVersion "1"]
[SourceVersionDate "2023.01.31"]
[SourceQuality "1"]

1. e4 c6 2. Nf3 d5 3. d3 dxe4 4. dxe4 Qxd1+ 5. Kxd1 Nf6 6. Nfd2 g5 7. f3 g4 8. Nc4 Be6 9. Be3 Bg7 10. Nbd2 0-0 11. c3 Nfd7 12. Kc2 f5 13. exf5 Bxf5+ 14. Bd3 Bxd3+ 15. Kxd3 gxf3 16. Nxf3 Na6 17. Kc2 Nc7 18. Rad1 Nd5 19. Rhe1 N7b6 20. Kb3 Nxc4 21. Kxc4 Rf5 22. Bd4 a5 23. a4 b5+ 24. axb5 cxb5+ 25. Kb3 a4+ 26. Ka2 a3 27. Bxg7 Kxg7 28. Kb3 axb2 29. Nd4 Rf2 30. Nxb5 e6 31. Rb1 Nf4 32. Red1 Rxg2 1/2-1/2